| 000 | 03155cam a2200253 4500500 | ||
|---|---|---|---|
| 005 | 20260111114723.0 | ||
| 041 | _afre | ||
| 042 | _adc | ||
| 100 | 1 | 0 |
_aMolinier, Pascale _eauthor |
| 700 | 1 | 0 |
_aPorcher, Jocelyne _eauthor |
| 245 | 0 | 0 | _aÀ l'envers du bien-être animal |
| 260 | _c2006. | ||
| 500 | _a63 | ||
| 520 | _aRésuméCet article discute une enquête de psychodynamique du travail réalisée en 2004 auprès de salariés d’élevages industriels porcins en Bretagne. L’hypothèse de départ était qu’il existait une souffrance au travail en élevage industriel porcin, en lien avec les altérations du rapport à l’animal induites par la rationalisation et l’intensification du travail. Toutefois, l’expression du plaisir de la performance l’emporte nettement sur celle d’une souffrance générée par l’activité auprès des animaux. Il existe bien une souffrance exprimée, mais celle-ci est reliée au déficit de reconnaissance sociale, notamment via la question du bien-être animal. L’enquête suggère que le métier de porcher correspond à un profil psychosocial particulier qui associe : le goût de la performance ; la capacité à travailler beaucoup ; l’héritage négatif de la souffrance au travail des parents, un rapport de contrôle avec l’animal. | ||
| 520 | _aAccording to a survey in psychodynamics of work, realized in 2004 with a group of 12 employees in industrial farming, we propose links to understand the disinterest revealed by many employees and recently qualified people in agricultural sector for pig breeding. Interviewed employees testify on the lack of social acknowledgment and suffering in identity. Transformations of animal status in our society promoted by the problematics of « animal well-being » have some of the characteristics of this suffering. For employees, work is lived as an « upside down world », where pigs would be more important as workers. This inversion goes with a backward point of view and questionings about technical modernity. To deal against constraints of peasant work, represented by their childhood memories and related to the reduction of negative impairments on their health, employees defend technical and moral « cleanness » of industrial systems. The survey shows that individual profile of these employees corresponds to a very particular profile characterized by : taste for performance, ability to work a lot, negative heritage for peasant work, desire of a powerfulness over animals. Between theoretical reification and incarnation in real work, this final point of view questions the paradoxical nature of breeding animal status and work relation with animals in industrial systems. | ||
| 690 | _aélevage industriel | ||
| 690 | _apsychodynamique du travail | ||
| 690 | _areconnaissance | ||
| 690 | _aindustrial farming | ||
| 690 | _asocial acknowledgment | ||
| 690 | _awork psychodynamics | ||
| 786 | 0 | _nNouvelle revue de psychosociologie | 1 | 1 | 2006-07-01 | p. 55-71 | 1951-9532 | |
| 856 | 4 | 1 | _uhttps://shs.cairn.info/revue-nouvelle-revue-de-psychosociologie-2006-1-page-55?lang=fr&redirect-ssocas=7080 |
| 999 |
_c1633416 _d1633416 |
||